Aston Villa F.C. Scorers in 2019-20 Premier League - Statistics

General Stats
  • This quiz has been taken 64 times
  • The average score is 9 of 14
Answer Stats
Number of Goals Player % Correct
8 Jack Grealish
98%
2 Tyrone Mings
91%
3 John McGinn
88%
1 Ezri Konsa
80%
1 Matt Target
80%
5 Wesley
77%
4 Anwar El Ghazi
73%
3 Douglas Luiz
71%
6 Trézéguet
70%
3 Conor Hourihane
52%
1 Mbwana Samatta
50%
1 Ahmed Elmohamady
45%
1 Kortney Hause
39%
1 Björn Engels
34%
No matching quizzes found
Score Distribution
Percent of People with Each Score
Percentile by Number Answered
Your Score History
You have not taken this quiz